Đang tải...

Shri Narayana Leelamruthum bhagam 1: Japam,patanam,paatanam/

Chi tiết về thư mục
Tác giả khác: Vijayanand S (ed.)
Định dạng: Printed Book
Được phát hành: Kollam: S N D P Yogam, 2012.
Phiên bản:5th
Những chủ đề:
LEADER 00590nam a22001817a 4500
999 |c 145491  |d 145491 
082 |a M 294.561  |b VIJ/S.1 
245 |a Shri Narayana Leelamruthum bhagam 1:  |c by Vijayanand S (ed.)  |b Japam,patanam,paatanam/ 
250 |a 5th 
260 |a Kollam:  |b S N D P Yogam,  |c 2012. 
300 |a 337p. 
650 |a Narayana Guru 
650 |a Guru 
650 |a Hinduism 
650 |a Religion 
700 |a Vijayanand S (ed.) 
942 |c BK 
952 |0 0  |1 0  |4 0  |6 M_294_561000000000000_VIJ_S_1  |7 0  |9 103972  |a SSUS  |b SSUS  |c STACKS  |d 2020-11-04  |o M 294.561 VIJ/S.1  |p 100875  |r 2020-11-04  |w 2020-11-04  |y BK